1000 Digits of Pi - Statistics

General Stats
  • This quiz has been taken 9,712 times
  • The average score is 209 of 1000
Answer Stats
n digit % Correct
1 1
99%
2 4
99%
3 1
98%
4 5
96%
5 9
96%
6 2
95%
7 6
94%
8 5
93%
9 3
92%
10 5
91%
11 8
90%
12 9
89%
13 7
88%
15 3
87%
14 9
87%
16 2
86%
17 3
85%
18 8
85%
19 4
84%
21 2
83%
20 6
83%
23 4
82%
22 6
82%
24 3
81%
25 3
81%
26 8
81%
28 2
80%
27 3
80%
29 7
79%
30 9
79%
31 5
78%
32 0
77%
33 2
76%
34 8
76%
37 1
75%
36 4
75%
35 8
75%
40 1
74%
39 7
74%
38 9
74%
43 3
73%
41 6
73%
42 9
73%
44 9
73%
46 3
72%
47 7
72%
45 9
72%
50 0
71%
49 1
71%
48 5
71%
51 5
69%
52 8
69%
54 0
68%
53 2
68%
55 9
67%
57 4
66%
59 4
66%
60 4
66%
56 7
66%
58 9
66%
63 2
65%
61 5
65%
62 9
65%
65 0
64%
68 1
64%
64 3
64%
66 7
64%
67 8
64%
71 0
63%
70 4
63%
69 6
63%
72 6
63%
73 2
62%
76 2
62%
75 6
62%
74 8
62%
77 0
61%
78 8
61%
79 9
61%
80 9
61%
85 0
60%
83 2
60%
86 3
60%
82 6
60%
81 8
60%
84 8
60%
94 1
59%
89 2
59%
93 2
59%
91 3
59%
87 4
59%
92 4
59%
90 5
59%
88 8
59%
97 0
58%
95 1
58%
98 6
58%
96 7
58%
99 7
58%
100 9
58%
102 2
55%
101 8
55%
103 1
54%
104 4
54%
106 0
53%
108 6
53%
105 8
53%
107 8
53%
110 1
52%
112 2
52%
114 2
52%
111 3
52%
109 5
52%
113 8
52%
116 0
51%
115 3
51%
119 4
51%
117 6
51%
118 6
51%
121 0
50%
123 3
50%
125 4
50%
120 7
50%
124 8
50%
122 9
50%
128 0
49%
132 0
49%
135 2
49%
136 2
49%
126 4
49%
130 5
49%
131 5
49%
133 5
49%
127 6
49%
134 8
49%
129 9
49%
138 1
48%
140 2
48%
137 3
48%
142 3
48%
145 4
48%
141 5
48%
143 5
48%
139 7
48%
144 9
48%
146 0
47%
148 1
47%
149 2
47%
147 8
47%
150 8
47%
151 4
46%
153 1
45%
154 1
45%
155 1
45%
156 7
45%
152 8
45%
159 0
44%
160 2
44%
157 4
44%
158 5
44%
164 0
43%
163 1
43%
162 4
43%
161 8
43%
167 0
42%
168 1
42%
165 2
42%
170 3
42%
166 7
42%
171 8
42%
169 9
42%
176 0
41%
174 1
41%
175 1
41%
173 2
41%
172 5
41%
177 5
41%
178 5
41%
185 2
40%
182 4
40%
183 4
40%
179 5
40%
181 6
40%
184 6
40%
180 9
40%
186 2
39%
188 4
39%
192 4
39%
191 5
39%
189 8
39%
187 9
39%
190 9
39%
193 9
39%
195 0
38%
198 1
38%
194 3
38%
196 3
38%
200 6
38%
197 8
38%
199 9
38%
203 2
35%
201 4
35%
202 4
35%
207 0
34%
206 1
34%
204 8
34%
205 8
34%
208 9
34%
210 5
33%
211 6
33%
209 7
33%
220 1
32%
215 3
32%
216 3
32%
217 4
32%
218 4
32%
213 5
32%
212 6
32%
219 6
32%
214 9
32%
221 2
31%
223 4
31%
224 7
31%
222 8
31%
229 2
30%
230 3
30%
227 4
30%
225 5
30%
226 6
30%
228 8
30%
245 0
29%
248 0
29%
238 1
29%
243 1
29%
246 1
29%
250 1
29%
241 2
29%
244 2
29%
231 3
29%
237 3
29%
240 5
29%
234 6
29%
239 6
29%
232 7
29%
235 7
29%
242 7
29%
233 8
29%
236 8
29%
247 9
29%
249 9
29%
251 4
27%
254 4
27%
252 5
27%
256 5
27%
253 6
27%
255 8
27%
260 2
26%
261 3
26%
262 4
26%
257 6
26%
258 6
26%
259 9
26%
264 0
25%
270 0
25%
269 1
25%
265 3
25%
266 4
25%
271 4
25%
273 4
25%
272 5
25%
263 6
25%
268 6
25%
267 8
25%
287 0
24%
291 0
24%
281 1
24%
295 1
24%
297 1
24%
275 2
24%
280 2
24%
289 2
24%
292 2
24%
298 2
24%
274 3
24%
282 3
24%
283 3
24%
285 3
24%
278 4
24%
293 4
24%
296 4
24%
276 6
24%
277 6
24%
286 6
24%
290 6
24%
288 7
24%
299 7
24%
279 8
24%
284 9
24%
294 9
24%
300 3
23%
302 2
22%
303 4
22%
301 7
22%
307 0
21%
308 0
21%
311 0
21%
314 1
21%
313 3
21%
304 5
21%
309 6
21%
310 6
21%
312 6
21%
306 7
21%
305 8
21%
327 0
20%
330 0
20%
319 1
20%
324 1
20%
326 2
20%
329 2
20%
333 2
20%
321 4
20%
315 5
20%
316 5
20%
325 5
20%
320 7
20%
317 8
20%
318 8
20%
322 8
20%
323 8
20%
328 9
20%
331 9
20%
340 0
19%
357 0
19%
360 0
19%
361 0
19%
366 0
19%
369 0
19%
342 1
19%
344 1
19%
362 1
19%
363 1
19%
335 2
19%
337 2
19%
354 2
19%
374 2
19%
346 3
19%
349 3
19%
358 3
19%
364 3
19%
365 3
19%
368 3
19%
339 4
19%
348 4
19%
371 4
19%
338 5
19%
345 5
19%
355 5
19%
367 5
19%
370 5
19%
332 6
19%
347 6
19%
350 6
19%
359 6
19%
343 7
19%
351 7
19%
334 8
19%
352 8
19%
336 9
19%
341 9
19%
353 9
19%
356 9
19%
375 0
18%
398 0
18%
381 1
18%
385 1
18%
390 1
18%
393 1
18%
395 1
18%
396 1
18%
380 2
18%
382 3
18%
376 4
18%
384 4
18%
386 4
18%
392 4
18%
400 4
18%
379 5
18%
389 5
18%
394 5
18%
377 6
18%
378 6
18%
387 6
18%
397 6
18%
372 8
18%
373 8
18%
383 8
18%
388 9
18%
391 9
18%
399 9
18%
403 0
17%
401 3
17%
402 3
17%
404 5
17%
408 0
16%
421 0
16%
417 1
16%
424 1
16%
427 1
16%
428 1
16%
406 2
16%
423 2
16%
409 3
16%
420 3
16%
411 5
16%
413 5
16%
415 5
16%
419 5
16%
410 6
16%
426 6
16%
405 7
16%
407 7
16%
412 7
16%
425 8
16%
414 9
16%
416 9
16%
418 9
16%
422 9
16%
443 0
15%
451 0
15%
432 1
15%
437 1
15%
438 1
15%
442 1
15%
445 1
15%
446 1
15%
471 1
15%
435 2
15%
456 2
15%
462 2
15%
430 3
15%
434 3
15%
441 3
15%
457 3
15%
469 3
15%
449 4
15%
453 4
15%
454 4
15%
464 4
15%
444 5
15%
448 5
15%
466 5
15%
470 5
15%
474 5
15%
436 6
15%
455 6
15%
461 6
15%
467 6
15%
429 7
15%
439 7
15%
452 7
15%
458 7
15%
463 7
15%
468 7
15%
431 8
15%
447 8
15%
450 8
15%
472 8
15%
473 8
15%
433 9
15%
440 9
15%
459 9
15%
460 9
15%
465 9
15%
493 0
14%
483 1
14%
490 1
14%
494 1
14%
495 1
14%
499 1
14%
477 2
14%
479 2
14%
484 2
14%
485 2
14%
500 2
14%
488 3
14%
492 3
14%
503 3
14%
480 4
14%
497 4
14%
476 5
14%
475 7
14%
478 7
14%
486 7
14%
481 8
14%
489 8
14%
491 8
14%
502 8
14%
482 9
14%
487 9
14%
496 9
14%
498 9
14%
501 9
14%
513 0
13%
520 0
13%
523 0
13%
525 1
13%
510 2
13%
524 2
13%
504 3
13%
507 3
13%
508 3
13%
519 3
13%
526 3
13%
511 4
13%
512 4
13%
518 4
13%
528 4
13%
530 4
13%
515 5
13%
505 6
13%
509 6
13%
514 6
13%
516 6
13%
517 6
13%
522 6
13%
531 6
13%
506 7
13%
521 8
13%
527 9
13%
529 9
13%
543 0
12%
545 0
12%
552 0
12%
557 0
12%
541 1
12%
547 1
12%
535 2
12%
536 2
12%
546 2
12%
558 2
12%
532 3
12%
539 3
12%
555 3
12%
537 4
12%
554 4
12%
534 5
12%
551 6
12%
538 7
12%
540 7
12%
544 7
12%
548 7
12%
556 7
12%
559 7
12%
560 7
12%
550 8
12%
533 9
12%
542 9
12%
549 9
12%
553 9
12%
561 0
11%
566 1
11%
568 1
11%
574 1
11%
587 1
11%
565 2
11%
571 2
11%
579 2
11%
563 3
11%
573 3
11%
580 3
11%
582 4
11%
585 4
11%
589 4
11%
562 5
11%
578 5
11%
570 6
11%
576 6
11%
583 6
11%
567 7
11%
569 7
11%
575 7
11%
577 7
11%
584 7
11%
581 8
11%
564 9
11%
572 9
11%
596 0
10%
601 0
10%
602 0
10%
603 0
10%
598 1
10%
600 2
10%
599 3
10%
595 4
10%
597 5
10%
590 6
10%
592 6
10%
593 6
10%
591 7
10%
586 8
10%
588 8
10%
594 9
10%
618 0
9%
607 1
9%
610 1
9%
608 2
9%
613 2
9%
620 2
9%
615 3
9%
611 4
9%
604 5
9%
612 5
9%
616 5
9%
605 6
9%
614 6
9%
617 6
9%
609 7
9%
621 7
9%
606 8
9%
619 8
9%
638 0
8%
627 1
8%
640 1
8%
646 1
8%
630 2
8%
650 2
8%
628 3
8%
642 3
8%
644 3
8%
629 4
8%
624 5
8%
632 5
8%
637 6
8%
643 6
8%
622 7
8%
625 7
8%
626 7
8%
631 7
8%
633 7
8%
634 7
8%
641 7
8%
645 7
8%
647 7
8%
649 7
8%
623 8
8%
635 8
8%
648 8
8%
636 9
8%
639 9
8%
657 0
7%
659 0
7%
669 0
7%
682 0
7%
684 0
7%
651 1
7%
660 1
7%
670 1
7%
681 1
7%
661 2
7%
662 2
7%
687 2
7%
688 2
7%
694 2
7%
698 2
7%
666 3
7%
668 3
7%
679 3
7%
652 4
7%
655 4
7%
656 4
7%
663 4
7%
667 4
7%
671 4
7%
674 4
7%
665 5
7%
673 5
7%
676 5
7%
678 5
7%
683 5
7%
653 6
7%
672 6
7%
691 6
7%
680 7
7%
685 7
7%
689 7
7%
654 8
7%
677 8
7%
658 9
7%
664 9
7%
675 9
7%
686 9
7%
690 9
7%
703 0
6%
715 0
6%
720 0
6%
724 0
6%
704 1
6%
709 1
6%
710 1
6%
712 1
6%
717 1
6%
728 1
6%
730 1
6%
734 1
6%
702 2
6%
711 2
6%
713 2
6%
716 2
6%
699 3
6%
725 3
6%
701 4
6%
723 4
6%
726 4
6%
727 4
6%
695 5
6%
700 5
6%
707 5
6%
731 5
6%
708 6
6%
719 6
6%
722 6
6%
692 8
6%
696 8
6%
721 8
6%
729 8
6%
693 9
6%
697 9
6%
705 9
6%
706 9
6%
714 9
6%
718 9
6%
746 0
5%
750 0
5%
755 0
5%
775 0
5%
781 0
5%
793 0
5%
744 1
5%
752 1
5%
758 1
5%
759 1
5%
780 1
5%
786 1
5%
791 1
5%
797 1
5%
737 2
5%
757 2
5%
771 2
5%
789 2
5%
735 3
5%
745 3
5%
760 3
5%
769 3
5%
785 3
5%
788 3
5%
796 3
5%
741 4
5%
761 4
5%
776 4
5%
751 5
5%
779 5
5%
782 5
5%
736 6
5%
749 6
5%
792 6
5%
795 6
5%
739 7
5%
740 7
5%
742 7
5%
743 7
5%
754 7
5%
756 7
5%
770 7
5%
773 7
5%
784 7
5%
787 7
5%
733 8
5%
753 8
5%
768 8
5%
774 8
5%
790 8
5%
732 9
5%
738 9
5%
747 9
5%
748 9
5%
762 9
5%
763 9
5%
764 9
5%
765 9
5%
766 9
5%
767 9
5%
772 9
5%
777 9
5%
778 9
5%
783 9
5%
794 9
5%
802 0
4%
815 0
4%
818 0
4%
827 0
4%
838 0
4%
843 1
4%
846 1
4%
847 1
4%
850 1
4%
852 1
4%
854 1
4%
803 2
4%
819 2
4%
822 2
4%
824 2
4%
825 2
4%
829 2
4%
841 2
4%
811 3
4%
817 3
4%
826 3
4%
831 3
4%
832 3
4%
839 3
4%
845 3
4%
804 4
4%
805 4
4%
808 4
4%
812 4
4%
821 4
4%
833 4
4%
834 4
4%
799 5
4%
801 5
4%
806 5
4%
809 5
4%
810 5
4%
823 5
4%
830 5
4%
813 6
4%
820 6
4%
835 6
4%
798 8
4%
816 8
4%
828 8
4%
836 8
4%
800 9
4%
807 9
4%
814 9
4%
853 0
3%
855 0
3%
856 0
3%
857 0
3%
878 0
3%
885 0
3%
899 0
3%
859 1
3%
882 1
3%
887 1
3%
889 1
3%
895 1
3%
867 2
3%
877 2
3%
884 2
3%
858 3
3%
860 3
3%
863 3
3%
875 3
3%
876 3
3%
880 3
3%
898 3
3%
900 3
3%
883 4
3%
896 4
3%
837 5
3%
840 5
3%
866 5
3%
871 5
3%
874 5
3%
901 5
3%
842 6
3%
870 6
3%
886 6
3%
892 6
3%
893 6
3%
851 7
3%
861 7
3%
865 7
3%
873 7
3%
888 7
3%
890 7
3%
891 7
3%
897 7
3%
848 8
3%
849 8
3%
862 8
3%
864 8
3%
868 8
3%
869 8
3%
872 8
3%
879 8
3%
881 8
3%
844 9
3%
894 9
3%
909 0
2%
921 1
2%
922 1
2%
945 1
2%
904 2
2%
911 2
2%
927 2
2%
933 2
2%
906 3
2%
920 3
2%
930 3
2%
934 3
2%
936 3
2%
942 3
2%
907 4
2%
910 4
2%
916 4
2%
905 5
2%
914 5
2%
915 5
2%
923 5
2%
925 5
2%
935 5
2%
940 5
2%
944 5
2%
947 5
2%
917 6
2%
926 6
2%
929 6
2%
913 7
2%
919 7
2%
937 7
2%
939 7
2%
943 7
2%
948 7
2%
949 7
2%
903 8
2%
912 8
2%
918 8
2%
928 8
2%
931 8
2%
932 8
2%
938 8
2%
950 8
2%
902 9
2%
908 9
2%
924 9
2%
941 9
2%
946 9
2%
957 0
1%
968 0
1%
973 0
1%
974 0
1%
989 0
1%
951 1
1%
961 1
1%
963 1
1%
971 1
1%
975 1
1%
983 1
1%
984 1
1%
985 1
1%
992 1
1%
997 1
1%
960 2
1%
964 2
1%
965 2
1%
977 2
1%
991 2
1%
995 2
1%
959 3
1%
972 3
1%
994 4
1%
953 5
1%
958 5
1%
987 5
1%
966 6
1%
969 6
1%
970 6
1%
981 6
1%
982 6
1%
993 6
1%
954 7
1%
955 7
1%
962 7
1%
978 7
1%
980 7
1%
952 8
1%
956 8
1%
967 8
1%
979 8
1%
976 9
1%
986 9
1%
988 9
1%
990 9
1%
998 9
1%
1000 9
1%
996 0
0%
999 8
0%
No matching quizzes found
Score Distribution
Percent of People with Each Score
Percentile by Number Answered
Your Score History
You have not taken this quiz